Sports General Knowledge #5 - Statistics

General Stats
  • This quiz has been taken 426 times
  • The average score is 12 of 20
Answer Stats
Question Answer % Correct
What’s the national sport of Canada? Ice Hockey | Lacrosse
88%
Which position usually throws the football? Quarterback
88%
What sport uses a shuttlecock? Badminton
86%
Which team did Shaquille O’Neal win his first NBA title with? Los Angeles Lakers
85%
Which Tennis Grand Slam is hosted in London? Wimbledon
82%
Who is the only player to win the World Cup three times? Pelé
76%
Which MLB team is known as the "Cubbies"? Chicago Cubs
73%
Which football club plays at Anfield? Liverpool
72%
Who is the youngest ever world heavyweight boxing champion? Mike Tyson
65%
What is the name of the NFL championship trophy? Vince Lombardi Trophy
59%
Which athlete won four gold medals at the 1936 Berlin Olympics? Jesse Owens
58%
What was the first city to host the Olympics twice? Paris
58%
Which team has won the most Six Nations titles? England
57%
Which golfer has won the most major championships? Jack Nicklaus
46%
Name either team to make up the "Old Firm Derby" Celtic | Rangers
41%
Which NBA coach has the most championships? Phil Jackson
41%
What is the term for kicking the ball between the goalposts after a try in rugby? Conversion
37%
Who won the first Cricket World Cup in 1975? West Indies
34%
Which city hosted the first Super Bowl? Los Angeles
33%
Which athlete won gold in the 10,000m at two consecutive Olympics? Mo Farah
32%
No matching quizzes found
Score Distribution
Percent of People with Each Score
Percentile by Number Answered
Your Score History
You have not taken this quiz